I know my shapes

Bibliographic Details
Main Author: Bruna, Dick
Format: Book
Published: London : William Collins , 1990
Subjects:

MARC

LEADER 00000cam a2200000 7i4500
001 0000003638
005 20091201.0
020 |a 0001845810 
090 0 0 |a 001   |b BRU 
100 1 |a Bruna, Dick 
245 1 0 |a I know my shapes   |c Dick Bruno 
260 |a London :   |b William Collins ,   |c 1990 
300 |a p.v. :   |b ill. ;   |c 16 cm. 
650 0 0 |a Shapes   |x Juvenile literature 
999 |a 032200   |b BUKU   |c JUNIOR BOOKS   |e PERPUSTAKAAN KOMUNITI PETALING JAYA 
999 |a 032201   |b BUKU   |c JUNIOR BOOKS   |e PERPUSTAKAAN KOMUNITI PETALING JAYA